Zabezpečovacie prostriedky v civilnom procese

Bibliographic Details
Main Author: Mazák, Ján, 1954- (Author)
Format: Book
Language:Slovak
PhysicalDescription:310 s. 21 cm
Published: Bratislava Iura edition 1997
ISBN:8088715350
Subjects:

MARC

LEADER 00000nam a2200000 a 4500
001 vtls001326142
003 SK-MaSNL
005 20260301235604.0
008 240318s1997 xo slo
015 |a SNBI1998/04-02835 
020 |a 8088715350 
035 |a SNK000278910 
035 |a urn:nbn:sk:snk-amkhhh 
035 |a urn:nbn:sk:snk-am008gll 
035 |a 04163A2F-96D1-40CB-93DA-842F430EF965 
040 |a SNK  |b slo  |c SNK  |e AACR2 
041 0 |a slo 
044 |a xo  |c SK 
080 |a 347(083.133)  |2 1981 
100 1 |a Mazák, Ján,  |d 1954-  |4 aut  |9 109435 
245 1 0 |a Zabezpečovacie prostriedky v civilnom procese  |c Ján Mazák 
260 |a Bratislava  |b Iura edition  |c 1997 
300 |a 310 s.  |c 21 cm 
504 |a Bibliografia s. 303-306. Res. v nem. 
650 0 7 |a právo občianske  |x prostriedky zabezpečovacie  |x pokyny  |x príručky  |2 SNK  |9 633044 
655 7 |a pokyny  |2 SNK  |9 70685 
700 1 |a Kohútová, Hana  |4 oth  |9 44870 
919 |a 80-88715-35-0 
958 |a TL 
999 |c 975729  |d 977659 
952 |t P60, <03>, [BOOK], {603}  |a SNK  |b SNK  |y PREZ  |7 0  |p 17A0130354  |o snkSC 95475  |i snkKSP 3514/98  |0 0  |1 0  |4 0  |d 1998-03-31  |f 1  |l 0  |r 2025-09-12 00:00:00  |w 2026-02-24 
952 |t P60, <04>, [BOOK], {604}  |a SNK  |b SNK  |y VYP  |7 0  |p 17A0130355  |o snkSC 95475 D1  |i snkKSP 3515/98  |0 0  |1 0  |4 0  |d 1998-03-31  |l 0  |r 2005-01-02 00:00:00  |w 2026-02-24